000 00695nam a2200253Ia 4500
001 Para_82
003 CHAP
008 220125s1981 xx 000 0 und d
010 _a198655
040 _cCHAP
090 _aPA FOLLETO 86
100 _aGarcía de la Rosa, José
_945907
245 _aPlant mycoplasmas control with antibiotics /
_c by José García de la Rosa
260 _aCali. Columbia :
_b CIAT
300 _ac.a. 7 h.
650 _aPlantas
_xEnfermedades por micoplasma
_988832
901 _aPA FOLLETO 86
902 _aA
905 _a0000001981 a 0000000000 00
910 _a1981
942 _cPARA
942 _cPARA
_d1
999 _c198655
_d198655